000 01176cam a2200313 a 4500
999 _c533093
_d533093
001 14283035
003 NUST
005 20191212110156.0
008 060302s2006 nyu 000 1 eng
010 _a 2006042380
020 _a9780743293037
020 _a0743293037
038 _aM.Ramzan
040 _aDLC
_cDLC
_dDLC
043 _ae-po---
050 0 0 _aPR6101.L45
_bA44 2006
082 0 0 _a823.92
_222
_bALI
100 1 _aAli, Monica,
_d1967-
_926787
245 1 0 _aAlentejo blue :
_bfiction /
_cMonica Ali.
260 _aNew York :
_bScribner,
_cc2006.
300 _a226 p. ;
_c25 cm.
651 0 _aPortugal
_xSocial life and customs
_vFiction.
_926788
856 4 2 _3Publisher description
_uhttp://www.loc.gov/catdir/enhancements/fy0643/2006042380-d.html
856 4 1 _3Sample text
_uhttp://www.loc.gov/catdir/enhancements/fy0661/2006042380-s.html
856 4 2 _3Contributor biographical information
_uhttp://www.loc.gov/catdir/enhancements/fy1013/2006042380-b.html
906 _a7
_bcbc
_corignew
_d1
_eocip
_f20
_gy-gencatlg
942 _2ddc
_cBK